Di sản thế giới T.2 : châu Á /

Cuốn sách giới thiệu các di sản văn hoá, thiên nhiên của châu Á, một khu vực có nền văn minh đa dạng và phong phú vào bậc nhất thế giới....

Zapisane w:
Opis bibliograficzny
Kolejni autorzy: Bùi Đẹp (biên soạn.)
Format: Książka
Język:Vietnamese
Wydane: Tp.HCM : Nxb Trẻ, 2000.
Hasła przedmiotowe:
Etykiety: Dodaj etykietę
Nie ma etykietki, Dołącz pierwszą etykiete!
Thư viện lưu trữ: Mạng thư viện Đại học Đà Nẵng
LEADER 00997cam a2200337 i 4500
001 000043594
003 1574
005 20031003145055.0
008 010217b2000 vm 000 vie
020 |c 27000 
040 |a IRC  |c IRC  |d IRC 
041 0 |a vie 
082 1 4 |a 306.0899  |b Di-S 
245 0 0 |a Di sản thế giới  |n T.2 :  |p châu Á /  |c Bùi Đẹp biên soạn. 
260 |a Tp.HCM :  |b Nxb Trẻ,  |c 2000. 
300 |a 353tr. ;  |c 20cm. 
520 3 |a Cuốn sách giới thiệu các di sản văn hoá, thiên nhiên của châu Á, một khu vực có nền văn minh đa dạng và phong phú vào bậc nhất thế giới.... 
630 0 4 |a Văn hoá. 
630 0 4 |a Di sản. 
650 0 4 |a Văn hoá. 
700 0 |a Bùi Đẹp,  |e biên soạn. 
OWN |a DUT 
999 |a From the UDN01 
TYP |a Monograph 
TYP |a Printed language 
980 |a Mạng thư viện Đại học Đà Nẵng